| 000 | 00771nam a2200241 a 4500 | ||
|---|---|---|---|
| 001 | 85986 | ||
| 003 | BD-RjUL | ||
| 005 | 20251123150357.0 | ||
| 008 | 251123s1930 enk 000 0beng | ||
| 035 | _a(BD-RjUL)85986 | ||
| 040 |
_aDLC _cCarP _dDLC _dBD-RjUL _beng |
||
| 041 | _aeng | ||
| 082 |
_223 _a822.33 _bSMS 1930 |
||
| 100 | 1 |
_aSmeaton, William Henry Oliphant, _d1856-1914. _917375 |
|
| 245 | 0 | 0 |
_aShakespeare, his life and work / _cOliphant Smeaton |
| 260 |
_aLondon & Toronto; _aNew York : _bJ. M. Dent & sons, ltd; _bE. P. Dutton & co., _c[1930?] |
||
| 300 |
_axii, 562 p. _c18 cm. |
||
| 336 |
_atext _btxt _2rdacontent |
||
| 337 |
_aunmediated _bn _2rdamedia |
||
| 338 |
_avolume _bnc _2rdacarrier |
||
| 600 | 1 | 0 |
_aShakespeare, William, _d1564-1616. |
| 942 |
_2ddc _cBK |
||
| 999 |
_c85986 _d85986 |
||